000 00933nam a22002537a 4500
999 _c1274
_d1274
003 AR-CdUCM
008 190226b ||||| |||| 00| 0 spa d
020 _a842810395X
040 _aMUNICIPALIDAD PROVINCIAL DEL CUSCO
_cBIBLIOTECA MUNICIPAL DEL CUSCO
041 _hfre
082 _a201 /
_bR84
100 _aRousseau, Hervé
_94938
245 _aEl pensamiento cristiano /
_cHervé Rousseau
260 _aBarcelona :
_bOikos-tau,
_c1978.
300 _a127 paginas ;
_c17 cm.
505 _aNacimiento del pensamiento cristiano -- La expanción del pensamiento cristiano en occidente -- Inicio del conflicto de los tiempos modernos -- La ruptura del siglo XIX -- Problemas y tendencias actuales ...
650 _aCristianismo
_92910
650 _aFilosofía
_9395
650 _aPensamiento cristiano
_94939
650 _aTeología
_93537
700 _aDarnell, Pedro
_94940
942 _2ddc
_cLIBROS
945 _aacv
_d2019-02-26